00562 2200193 4500001002100000005001700021008004100038035002400079082001300103090002600116100002800142245005300170250001600223260002700239300003200266500002600298650002400324999002000348YOGYA-0411000000004720110401132024.0 ind  0010-041100000000047 a658.4012 a658.4012bGitcMlDEP aGITOSUDARMO, H. Indriyo aManajemen strategis/Oleh H. Indriyo Gitosudarmo. Ed.1, cet.1. aYogyakartabBPFEc2001 axiv, 342 hlm.bilus.c23 cm aBibliografi :hlm. 341 aManajemen Strategis aCB-D.11 2001-23